| 000 | 00529cam a22002174a 4500 | ||
|---|---|---|---|
| 005 | 20250605164315.0 | ||
| 008 | 250528s ||||||||||||||||||||||||d | ||
| 035 | _a22656 | ||
| 020 | _a9780749427009 | ||
| 040 |
_aGR-AtMCL _bgre _dGR-AtMCL _eAACR2 |
||
| 245 | 1 | _aCUSTOMER RELATIONSHIP MARKETING | |
| 250 | _a2 | ||
| 260 |
_bKogan Page, _c2000 |
||
| 300 | _a228 | ||
| 700 | 1 |
_aMachtynger Liz _94550 |
|
| 700 | 1 |
_aStone Merlin _94551 |
|
| 700 | 1 |
_aWoodcock Neil _94552 |
|
| 942 | _cBK | ||
| 999 |
_c7704 _d7704 |
||